Statistiques concernant Les pays contenant Y

Cliquez ici pour prendre le quiz!

Statistiques générales

  • Ce quiz a été pris 3,722 fois
    (3,526 depuis la dernière actualisation)
  • Le résultat moyen est 7 sur 13

Statistiques - réponses

Pays % Correct
Yemen
87%
Libye
67%
Uruguay
62%
Egypte
61%
Paraguay
61%
Syrie
51%
Kenya
50%
Guyana
49%
Erythrée
44%
Chypre
43%
Royaume-Uni
36%
Pays-Bas
35%
Seychelles
32%

Distribution des résultats

Percentile par nombre de réponses

% des personnes avec chaque résultat

Votre développement - résultats

Vous n’avez pas pris ce quiz depuis la dernière actualisation